[Event "Crema op 16th"]
[Site "Crema"]
[Date "2015.09.06"]
[Round "5"]
[White "Perico, Gianvittorio"]
[Black "Lima, Francesco"]
[Result "1-0"]
[WhiteElo "1892"]
[BlackElo "1651"]
[PlyCount "35"]
[EventDate "2015.09.04"]
[EventType "swiss"]
[EventRounds "6"]
[EventCountry "ITA"]
[SourceTitle "EXT 2024"]
[Source "ChessBase"]
[SourceDate "2023.10.10"]
[SourceVersion "1"]
[SourceVersionDate "2023.10.10"]
[SourceQuality "1"]

1. e4 b6 2. d4 Bb7 3. Nc3 Nf6 4. f3 e6 5. Bd3 c5 6. Nge2 Qc7 7. Bf4 Qc8 8. Nb5 Na6 9. c3 Bc6 10. Nd6+ Bxd6 11. Bxd6 Bb7 12. 0-0 Qc6 13. e5 Nd5 14. c4 Ne3 15. Be4 Qc8 16. Qc1 Nxf1 17. Qg5 f6 18. Qxg7 1-0